| 000 | 00721nam a22002057a 4500 | ||
|---|---|---|---|
| 005 | 20150625151643.0 | ||
| 010 | _aENG-112950 | ||
| 020 |
_c1795.00 _a9788180386411 |
||
| 035 | _aEN-96482 | ||
| 037 | _bDBAD/PUB | ||
| 082 | _a342.54068 | ||
| 100 | _aPal, Samaraditya | ||
| 245 |
_aSamaraditya Pal on law relating to public service : _ba treatise on the law applicable to government and public undertakings / _cby Samaraditya Pal |
||
| 250 | _a3rd ed | ||
| 260 |
_aGurgoan _bLexisNexis _c2011 |
||
| 270 |
_bGurgoan _e122002 _a14th Floor, Building No. 10, Tower-B, DLF Cyber City, Phase-II |
||
| 300 |
_accxlvii,1070p. _c25cm(Hb) |
||
| 500 | _aIncludes index | ||
| 942 |
_2ddc _cEN _mPAL _h342.54068 |
||
| 999 |
_c93450 _d93450 |
||